00441nam a2200169Ia 450000500170000000800410001702000180005804100120007608200170008810000210010524500390012625000120016526000440017730000180022165000100023965000220024920260429111921.0260429s9999||||xx |||||||||||||| ||und|| a9789360848484 aEnglish a613.704bSHA aShastri, Krishna 0aYoga education / cKrishna Shastri a1st ed. aNew Delhi : bWordpen Academics,c2026. ax, 259 p.; hb a Yoga aPhysical fitness